King Richard II (Record no. 11290)

MARC details
000 -LEADER
fixed length control field 00337nam a2200133 4500
082 ## - DEWEY DECIMAL CLASSIFICATION NUMBER
Classification number 822.33X3
Item number SHA
100 ## - MAIN ENTRY--PERSONAL NAME
Personal name Shakespeare, William
245 ## - TITLE STATEMENT
Title King Richard II
Statement of responsibility, etc. edited by Peter Ure
250 ## - EDITION STATEMENT
Edition statement 5th ed.
260 ## - PUBLICATION, DISTRIBUTION, ETC.
Place of publication, distribution, etc. London
Name of publisher, distributor, etc. Methuen
Date of publication, distribution, etc. 1966
300 ## - PHYSICAL DESCRIPTION
Extent Lxxiv,210p.; 21cm.-
490 ## - SERIES STATEMENT
Series statement Arden Shakespeare
710 ## - ADDED ENTRY--CORPORATE NAME
Corporate name or jurisdiction name as entry element Ure Peter
Holdings
Withdrawn status Lost status Damaged status Not for loan Collection code Home library Current library Date acquired Total Checkouts Full call number Barcode Date last seen Date last checked out Copy number Price effective from Koha item type
        ACADEMIC STAFF COLLEGE North Eastern Hill University North Eastern Hill University 24/11/2011 1 822.33X3 SHA 791 07/12/2018 07/12/2018 ,4 24/11/2011 Books